<?xml version="1.0" encoding="UTF-8"?>
<record
    xmlns:xsi="http://www.w3.org/2001/XMLSchema-instance"
    xsi:schemaLocation="http://www.loc.gov/MARC21/slim http://www.loc.gov/standards/marcxml/schema/MARC21slim.xsd"
    xmlns="http://www.loc.gov/MARC21/slim">

  <leader>01761nam a2200265 a 4500</leader>
  <controlfield tag="001"> </controlfield>
  <controlfield tag="003">DO-SdBNP</controlfield>
  <controlfield tag="005">20220114075631.0</controlfield>
  <controlfield tag="008">110412s2011    dr c          000 0 spa d</controlfield>
  <datafield tag="040" ind1=" " ind2=" ">
    <subfield code="a">DO-SdBNP</subfield>
    <subfield code="b">spa</subfield>
    <subfield code="c">BPMSU </subfield>
  </datafield>
  <datafield tag="082" ind1=" " ind2=" ">
    <subfield code="a">303.483</subfield>
    <subfield code="b">M357h 2011</subfield>
    <subfield code="2">22</subfield>
  </datafield>
  <datafield tag="100" ind1="1" ind2=" ">
    <subfield code="a">M&#xE1;rquez, Carlos</subfield>
    <subfield code="d">1953-</subfield>
  </datafield>
  <datafield tag="245" ind1="1" ind2="0">
    <subfield code="a">Hacia la revoluci&#xF3;n tecnol&#xF3;gica industrial :</subfield>
    <subfield code="b">ideolog&#xED;a, liberal&#xED;smo, crisis mundial y nuevo liderazgo /</subfield>
    <subfield code="c">Carlos M&#xE1;rquez.</subfield>
  </datafield>
  <datafield tag="260" ind1=" " ind2=" ">
    <subfield code="a">Santo Domingo :</subfield>
    <subfield code="b">La Intrusa :</subfield>
    <subfield code="b">Fundaci&#xF3;n Bienestar y Desarrollo Humano,</subfield>
    <subfield code="c">2011.</subfield>
  </datafield>
  <datafield tag="300" ind1=" " ind2=" ">
    <subfield code="a">309 p. :</subfield>
    <subfield code="b">retr. ;</subfield>
    <subfield code="c">24 cm.</subfield>
  </datafield>
  <datafield tag="500" ind1=" " ind2=" ">
    <subfield code="a">Incluye datos biogr&#xE1;ficos del autor en las solapas</subfield>
  </datafield>
  <datafield tag="504" ind1=" " ind2=" ">
    <subfield code="a">Bibliograf&#xED;a : p.305-309</subfield>
  </datafield>
  <datafield tag="505" ind1=" " ind2=" ">
    <subfield code="a">Ideolog&#xED;a, origen y evoluci&#xF3;n del concepto -- Los precursores del marxismo y las ideas del socialismo real en Am&#xE9;rica Latina y el caribe --La revoluci&#xF3;n francesa como pre&#xE1;mbulo del pensamiento marxista y socialista --Miranda, Nari&#xF1;o, Hidalgo, Bol&#xED;var , Morelos, Mariano Moreno, Jos&#xE9; de San Mart&#xED;n, precursores del liberalismo en A. Latina --Crisis de la ideolog&#xED;a, crisis del pensamiento liberal, globalizaci&#xF3;n y neoliberalismo --Nueva crisis econ&#xF3;mica mundial del capitalismo, opulencia de los pa&#xED;ses centrales y exclusi&#xF3;n de las naciones del Tercer Mundo --Am&#xE9;rica latina: la crisis de los partidos tradicionales en la regi&#xF3;n Andina. Nuevo orden mundial - Rep&#xFA;blica Dominicana, impacto de la crisis mundial, nuevo orden internacional y revoluci&#xF3;n tecnol&#xF3;gica industrial</subfield>
  </datafield>
  <datafield tag="590" ind1=" " ind2=" ">
    <subfield code="6">Inventariado, 2022/VM</subfield>
  </datafield>
  <datafield tag="650" ind1=" " ind2="4">
    <subfield code="a">Desarrollo cient&#xED;fico y tecnol&#xF3;gico </subfield>
    <subfield code="z"> Am&#xE9;rica Latina</subfield>
  </datafield>
  <datafield tag="651" ind1=" " ind2="4">
    <subfield code="a">Am&#xE9;rica Latina</subfield>
    <subfield code="x">Pol&#xED;tica y gobierno </subfield>
  </datafield>
  <datafield tag="651" ind1=" " ind2="4">
    <subfield code="a">Am&#xE9;rica Latina</subfield>
    <subfield code="x">Condiciones sociales  </subfield>
  </datafield>
  <datafield tag="910" ind1=" " ind2=" ">
    <subfield code="a">VMateo V. </subfield>
  </datafield>
  <datafield tag="942" ind1=" " ind2=" ">
    <subfield code="2">ddc</subfield>
    <subfield code="c">BK</subfield>
  </datafield>
  <datafield tag="952" ind1=" " ind2=" ">
    <subfield code="0">0</subfield>
    <subfield code="1">0</subfield>
    <subfield code="2">ddc</subfield>
    <subfield code="4">0</subfield>
    <subfield code="7">0</subfield>
    <subfield code="8">CD</subfield>
    <subfield code="a">BPMET</subfield>
    <subfield code="b">BPMET</subfield>
    <subfield code="d">2021-11-16</subfield>
    <subfield code="e">Alanna Rodr&#xED;guez</subfield>
    <subfield code="l">0</subfield>
    <subfield code="o">BPMSU CD 303.483 M357h 2011</subfield>
    <subfield code="p">BPMSU21110092</subfield>
    <subfield code="r">2021-11-16</subfield>
    <subfield code="w">2021-11-16</subfield>
    <subfield code="y">BK</subfield>
  </datafield>
  <datafield tag="999" ind1=" " ind2=" ">
    <subfield code="c">13878</subfield>
    <subfield code="d">13878</subfield>
  </datafield>
</record>
